000 00583cam a22002173a 4500
001 45086
003 PGUSA
005 20140828084030.0
008 140309s2014||||xxu|||||s|||||000 | eng d
040 _aPGUSA
_beng
042 _adc
100 1 _aPycraft, W. P.
245 1 0 _aBirds in Flight
_h[electronic resource] /
_cW. P. Pycraft
260 _bProject Gutenberg,
_c2014
506 _aPublic domain in the USA.
516 _aElectronic text
700 1 _aGreen, Roland
830 0 _aProject Gutenberg
_v45086
856 4 0 _uhttp://www.gutenberg.org/ebooks/45086
942 _cEB
999 _c274337
_d274337